000 00299nam a22001337a 4500
008 171012b xxu||||| |||| 00| 0 eng d
020 _a9780072855876
041 _aeng
080 _a159.9
100 _a49
101 _aPSI
245 _aEDUCATIONNAL PSYCHOLOGY
_cSANTROCK.J.W
942 _2udc
_cBK
999 _c33549
_d33549